Non temerò alcun male

Wedi'i Gadw mewn:
Manylion Llyfryddiaeth
Prif Awdur: Heinlein, Robert
Fformat: Llyfr
Iaith:Saesneg
Tagiau: Ychwanegu Tag
Dim Tagiau, Byddwch y cyntaf i dagio'r cofnod hwn!

MARC

LEADER 00000nam a2200000 4500
001 CDOM0000002583
003 mi
005 20250827164957.0
008 250726b |||||||| |||| 00| 0 eng d
040 |c mi 
100 |a Heinlein, Robert 
245 1 |a Non temerò alcun male  
942 |2 ddc  |c BK 
952 |0 0  |1 0  |2 ddc  |4 0  |7 0  |9 8727  |a MI  |b MI  |d 1987-11-12  |i 762  |l 0  |p CDOM762  |r 2025-07-17 21:50:00  |w 2025-07-17  |x DONO  |y BK 
999 |c 7256  |d 7256